00330nam a2200097Ia 4500008004100000020001800041100002100059245010500080260002800185300001900213180315s9999 xx 000 0 und d a9780071741415 aSpear, Steven J. 4aThe high-velocity edge :bHow market leaders leverage operational excellence to beat the competition aUSA :b2009cMcGrawHill avii, 395 pages